00331nam a2200133 a 450000500170000000800410001702000180005805000240007610000180010024500160011826000380013430000070017265000180017920140414132141.0140130s19uu xx 00 eng d a9788179874202 aM 745.54bMo71 1994 aMohini, Mudit aOrigami IV. aNew Delhi :bVishv Books,cc1994. a32 aPaper folding